| 000 | 00625nam a2200205 a 4500 | ||
|---|---|---|---|
| 008 | |||
| 049 | _aMAIN | ||
| 090 | _aTA642 SEL | ||
| 100 | 1 | _aSelvam Manicka V K | |
| 245 | 1 | 0 |
_aElementery matrix analysis of structures: _bfor engineering students. / _cV.K Manicka Selvam. |
| 260 |
_aNew Delhi : _b Khanna, _c 1992. |
||
| 300 |
_aii, 275 p. : _bill. ; _c 24 cm. |
||
| 500 | _aIncludes bibliographical references | ||
| 650 | _aMatrix-structures | ||
| 907 |
_a.b10224919 _b19-01-07 _c19-01-07 |
||
| 003 | |||
| 005 | 20230123134329.0 | ||
| 040 | _cNUST | ||
| 942 |
_cBOOKS _kTA642 SEL |
||
| 999 |
_c164032 _d164032 |
||